[Event "Deltalift op"]
[Site "Tylosand"]
[Date "2023.05.18"]
[Round "4"]
[White "Pantzar, Milton"]
[Black "Jakenberg, Jussi"]
[Result "1-0"]
[WhiteElo "2449"]
[BlackElo "2039"]
[PlyCount "83"]
[EventDate "2023.05.18"]
[EventType "swiss"]
[EventRounds "8"]
[EventCountry "SWE"]
[SourceTitle "CBM 214 Extra"]
[Source "ChessBase"]
[SourceDate "2023.07.31"]
[SourceVersion "1"]
[SourceVersionDate "2023.07.31"]
[SourceQuality "1"]

1. d4 Nf6 2. Nf3 e6 3. c4 b6 4. a3 Bb7 5. Nc3 d5 6. cxd5 Nxd5 7. Qc2 Nxc3 8. bxc3 Be7 9. e4 Nd7 10. h4 c5 11. Bd3 Qc7 12. Qd2 cxd4 13. cxd4 Nf6 14. e5 Nd5 15. Bb2 Qd7 16. Rh3 h6 17. Kf1 Bc6 18. Kg1 Bb5 19. Be4 Rc8 20. Rg3 Kf8 21. h5 Ba4 22. Bd3 Bb5 23. Be4 Ba4 24. Rg4 Rc7 25. Re1 Qc8 26. Bxd5 exd5 27. e6 f6 28. Qf4 Rc2 29. Bc1 Be8 30. Ne5 Bxh5 31. Nd7+ Kg8 32. Rg3 Rc3 33. Be3 Qd8 34. Qf5 Be8 35. Qxd5 Bxd7 36. exd7+ Kh7 37. Qf5+ Kg8 38. Qg6 Qf8 39. Bf4 Rxg3 40. Bxg3 Qf7 41. Rxe7 Qxg6 42. d8Q+ 1-0

[Event "Vaxjo op"]
[Site "Vaxjo"]
[Date "2020.02.09"]
[Round "7"]
[White "Jakenberg, Jussi"]
[Black "Hillarp Persson, Tiger"]
[Result "0-1"]
[WhiteElo "2089"]
[BlackElo "2542"]
[PlyCount "92"]
[EventDate "2020.02.07"]
[EventType "swiss"]
[EventRounds "8"]
[EventCountry "SWE"]
[SourceTitle "CBM 194 Extra"]
[Source "ChessBase"]
[SourceDate "2020.03.31"]
[SourceVersion "1"]
[SourceVersionDate "2020.03.31"]
[SourceQuality "1"]

1. e4 c5 2. Nf3 d6 3. Bb5+ Nd7 4. Ba4 Ngf6 5. 0-0 a6 6. c4 e5 7. Nc3 Be7 8. d3 0-0 9. Rb1 Nb6 10. Bc2 Bg4 11. h3 Bh5 12. Be3 a5 13. a3 a4 14. Nxa4 Nxa4 15. Bxa4 Bxf3 16. gxf3 Nh5 17. Bb5 Bg5 18. f4 Nxf4 19. Bxf4 Bxf4 20. Qg4 g6 21. Qd7 Qh4 22. Qg4 Qh6 23. Bd7 Rfd8 24. h4 Kh8 25. Qh3 Rg8 26. f3 Be3+ 27. Kh1 Rg7 28. b4 Rxa3 29. bxc5 Bxc5 30. Rxb7 Rxd3 31. Bc6 Qf4 32. Bd5 h5 33. Qh2 Rxf3 34. Qxf4 Rxf4 35. Rxf4 exf4 36. Kg2 f6 37. Rb8+ Kh7 38. Kf3 Be3 39. Rf8 Ra7 40. Rxf6 Ra3 41. Kg2 Ra2+ 42. Kh3 Bd4 43. Rf7+ Kh6 44. Rf8 Be5 45. Ra8 Rd2 46. Ra3 f3 0-1

[Event "Hasselbacken op"]
[Site "Stockholm"]
[Date "2016.05.08"]
[Round "9"]
[White "Jakenberg, Jussi"]
[Black "Rahul, Kumar Pune"]
[Result "0-1"]
[WhiteElo "2036"]
[BlackElo "2225"]
[PlyCount "70"]
[EventDate "2016.04.30"]
[EventType "swiss"]
[EventRounds "9"]
[EventCountry "SWE"]
[SourceTitle "CBM 172 Extra"]
[Source "ChessBase"]
[SourceDate "2016.06.21"]
[SourceVersion "1"]
[SourceVersionDate "2016.06.21"]
[SourceQuality "1"]

1. e4 g6 2. d4 Bg7 3. c3 d6 4. Nf3 Nf6 5. Bd3 0-0 6. 0-0 Nc6 7. d5 Ne5 8. Nxe5 dxe5 9. c4 Nh5 10. g3 Bh3 11. Re1 Qd7 12. Nc3 Rad8 13. Be3 b6 14. Rc1 e6 15. Bf1 Bxf1 16. Rxf1 f5 17. Bg5 Bf6 18. Bxf6 Nxf6 19. f3 c6 20. dxc6 Qxc6 21. Qe2 Qc5+ 22. Kg2 Rd7 23. Rcd1 Rd4 24. b3 a6 25. Rfe1 Qa5 26. Rxd4 exd4 27. Na4 fxe4 28. fxe4 Ng4 29. Kg1 Rf2 30. Qxf2 Nxf2 31. Kxf2 b5 32. cxb5 axb5 33. Nc5 Kf7 34. Re2 Qc3 35. Nd7 Qc7 0-1

[Event "Stockholm All Saints op"]
[Site "Stockholm"]
[Date "2015.10.29"]
[Round "2"]
[White "Jakenberg, Jussi"]
[Black "Blomqvist, Erik"]
[Result "0-1"]
[WhiteElo "2019"]
[BlackElo "2514"]
[PlyCount "80"]
[EventDate "2015.10.29"]
[EventType "swiss"]
[EventRounds "7"]
[EventCountry "SWE"]
[SourceTitle "CBM 169 Extra"]
[Source "ChessBase"]
[SourceDate "2015.12.18"]
[SourceVersion "1"]
[SourceVersionDate "2015.12.18"]
[SourceQuality "1"]

1. e4 c5 2. Nf3 e6 3. c3 d5 4. exd5 Qxd5 5. d4 Nf6 6. Na3 Nc6 7. Nb5 Qd8 8. dxc5 Bxc5 9. Qxd8+ Kxd8 10. Be3 Bxe3 11. fxe3 Ke7 12. Bc4 Ng4 13. Ke2 Bd7 14. Nbd4 Rac8 15. Bb5 Nxd4+ 16. Nxd4 Bxb5+ 17. Nxb5 Rc5 18. Nd4 Re5 19. Nc2 f5 20. Raf1 Rc8 21. Rf4 g5 22. Rb4 b6 23. Kf3 Rd5 24. Rd4 Rb5 25. Rb4 Ra5 26. a3 h5 27. Nd4 Re5 28. Nc2 Rc7 29. h3 Nf6 30. Rd1 Ne4 31. a4 Kf6 32. Rbd4 Rg7 33. Rd7 Rg8 34. Rd8 Rxd8 35. Rxd8 Ra5 36. Rd4 e5 37. Rb4 Rd5 38. g4 Rd2 39. gxf5 Nd6 40. Na3 e4+ 0-1

[Event "Vasteras op"]
[Site "Vasteras"]
[Date "2013.09.27"]
[Round "2"]
[White "Solodovnichenko, Yuri"]
[Black "Jakenberg, Jussi"]
[Result "1-0"]
[WhiteElo "2577"]
[BlackElo "2065"]
[PlyCount "77"]
[EventDate "2013.09.27"]
[EventType "swiss"]
[EventRounds "9"]
[EventCountry "SWE"]
[SourceTitle "EXT 2014"]
[Source "ChessBase"]
[SourceDate "2013.11.20"]
[SourceVersion "1"]
[SourceVersionDate "2013.11.20"]
[SourceQuality "1"]

1. e4 d6 2. d4 Nf6 3. Nc3 e5 4. Nf3 Nbd7 5. Bc4 Be7 6. 0-0 0-0 7. a4 c6 8. Re1 h6 9. h3 Re8 10. Be3 Qc7 11. Qd2 Bf8 12. Ba2 a5 13. Rad1 exd4 14. Bxd4 Ne5 15. Nh4 Be6 16. Bxe6 Rxe6 17. Nf5 Kh7 18. Ne3 Rae8 19. f3 g6 20. Ne2 d5 21. Nc3 dxe4 22. f4 Ned7 23. f5 R6e7 24. Rf1 Bg7 25. Qe2 Ne5 26. Nc4 Nxc4 27. Qxc4 g5 28. Rfe1 e3 29. Bc5 Rd7 30. Rxe3 Rxe3 31. Bxe3 Rxd1+ 32. Nxd1 Nd5 33. Qe4 Qe5 34. Qxe5 Bxe5 35. Bd2 b6 36. Kf2 Kg7 37. Kf3 Kf6 38. Ke4 Ke7 39. Kxe5 1-0

[Event "Dvorkovich Memorial op 8th"]
[Site "Taganrog"]
[Date "2013.07.22"]
[Round "1"]
[White "Tsyhanchuk, Stanislav"]
[Black "Jakenberg, Jussi"]
[Result "1-0"]
[WhiteElo "2412"]
[BlackElo "2063"]
[PlyCount "43"]
[EventDate "2013.07.22"]
[EventType "swiss"]
[EventRounds "9"]
[EventCountry "RUS"]
[SourceTitle "CBM 155 Extra"]
[Source "ChessBase"]
[SourceDate "2013.08.26"]
[SourceVersion "1"]
[SourceVersionDate "2013.08.26"]
[SourceQuality "1"]

1. e4 d6 2. d4 Nf6 3. Nc3 e5 4. Nge2 c6 5. a4 a5 6. g3 Be7 7. Bg2 Na6 8. h3 h5 9. Be3 Be6 10. Qd2 Qc7 11. f4 Nb4 12. Rd1 Nd7 13. fxe5 0-0-0 14. d5 cxd5 15. exd5 Bf5 16. Nd4 Nxe5 17. Nxf5 Nc4 18. Nb5 Qd7 19. Qc3 Qxf5 20. Qxc4+ Kb8 21. Qc7+ Ka8 22. Qxa5+ 1-0

[Event "Palanga op"]
[Site "Palanga"]
[Date "2013.06.19"]
[Round "4"]
[White "Jakenberg, Jussi"]
[Black "Blumbergs, Ralfs"]
[Result "1/2-1/2"]
[WhiteElo "2070"]
[BlackElo "1837"]
[PlyCount "57"]
[EventDate "2013.06.17"]
[EventType "swiss"]
[EventRounds "9"]
[EventCountry "LTU"]
[SourceTitle "EXT 2014"]
[Source "ChessBase"]
[SourceDate "2013.11.20"]
[SourceVersion "1"]
[SourceVersionDate "2013.11.20"]
[SourceQuality "1"]

1. e4 d5 2. exd5 Qxd5 3. Nf3 Nf6 4. d4 a6 5. c4 Qd6 6. Nc3 Bg4 7. Be2 e6 8. h3 Bh5 9. Be3 c6 10. a3 Nbd7 11. Qd2 e5 12. 0-0 exd4 13. Nxd4 c5 14. Nf5 Qxd2 15. Bxd2 Bxe2 16. Nxe2 g6 17. Nfg3 Bg7 18. Bc3 0-0-0 19. Rad1 Nb8 20. Nf4 Rxd1 21. Rxd1 Rd8 22. Nd5 Nxd5 23. Bxg7 Nc7 24. Rxd8+ Kxd8 25. Kf1 f5 26. Ke2 Ne6 27. Bc3 Nc6 28. Nf1 Kd7 29. Ne3 1/2-1/2

[Event "Palanga op"]
[Site "Palanga"]
[Date "2013.06.17"]
[Round "1"]
[White "Limanovska, Elizabete"]
[Black "Jakenberg, Jussi"]
[Result "1/2-1/2"]
[WhiteElo "1642"]
[BlackElo "2070"]
[PlyCount "45"]
[EventDate "2013.06.17"]
[EventType "swiss"]
[EventRounds "9"]
[EventCountry "LTU"]
[SourceTitle "EXT 2014"]
[Source "ChessBase"]
[SourceDate "2013.11.20"]
[SourceVersion "1"]
[SourceVersionDate "2013.11.20"]
[SourceQuality "1"]

1. e4 d5 2. exd5 Qxd5 3. Nc3 Qd6 4. d4 Nf6 5. Nf3 c6 6. g3 Bf5 7. Bg2 e6 8. 0-0 h6 9. Re1 Be7 10. a3 0-0 11. Bf4 Qd8 12. Qd2 Nbd7 13. Ne5 Nxe5 14. Bxe5 Qb6 15. Nd1 a5 16. Ne3 Bg6 17. Nc4 Qd8 18. Rad1 b5 19. Bxf6 Bxf6 20. Ne5 Bxe5 21. Rxe5 Rc8 22. Rc5 Qb6 23. Qc3 1/2-1/2

[Event "Norrkoeping Easter op"]
[Site "Norrkoeping"]
[Date "2013.03.29"]
[Round "2"]
[White "Brynell, Stellan"]
[Black "Jakenberg, Jussi"]
[Result "1-0"]
[WhiteElo "2485"]
[BlackElo "2104"]
[PlyCount "80"]
[EventDate "2013.03.29"]
[EventType "swiss"]
[EventRounds "8"]
[EventCountry "SWE"]
[SourceTitle "CBM 153 Extra"]
[Source "ChessBase"]
[SourceDate "2013.04.22"]
[SourceVersion "1"]
[SourceVersionDate "2013.04.22"]
[SourceQuality "1"]

1. d4 g6 2. e4 Bg7 3. Nf3 d6 4. Bc4 e6 5. 0-0 Ne7 6. Bb3 0-0 7. c3 Nd7 8. Re1 e5 9. Nbd2 b6 10. Nf1 Bb7 11. Ng3 c5 12. h4 cxd4 13. cxd4 exd4 14. h5 Nc5 15. Nxd4 Nxb3 16. axb3 d5 17. e5 Nc6 18. Nxc6 Bxc6 19. Qd4 Re8 20. hxg6 fxg6 21. Bd2 Qe7 22. Bc3 Qc5 23. Nf1 Qxd4 24. Bxd4 Kf7 25. Nd2 Bd7 26. Nf3 h6 27. Rec1 Bg4 28. e6+ Kf8 29. Rc7 Bxd4 30. Nxd4 Bxe6 31. Raxa7 Rxa7 32. Rxa7 Re7 33. Ra6 Kf7 34. Rxb6 Bc8 35. Rd6 Rd7 36. Rxd7+ Bxd7 37. f4 Kf6 38. Kf2 g5 39. g3 gxf4 40. gxf4 h5 1-0

[Event "Stockholm op"]
[Site "Stockholm"]
[Date "2012.07.04"]
[Round "9"]
[White "Jakenberg, Jussi"]
[Black "Eriksson, Jorgen"]
[Result "1/2-1/2"]
[WhiteElo "2061"]
[BlackElo "2220"]
[PlyCount "93"]
[EventDate "2012.06.28"]
[EventType "swiss"]
[EventRounds "9"]
[EventCountry "SWE"]
[SourceTitle "CBM 149 Extra"]
[Source "ChessBase"]
[SourceDate "2012.08.24"]
[SourceVersion "1"]
[SourceVersionDate "2012.08.24"]
[SourceQuality "1"]

1. e4 c5 2. c3 g6 3. d4 cxd4 4. cxd4 d5 5. e5 Nc6 6. Nc3 Bg7 7. h3 f6 8. f4 Nh6 9. g4 fxe5 10. fxe5 e6 11. Nf3 0-0 12. Bg2 Bd7 13. Be3 Na5 14. b3 Rc8 15. Rc1 b5 16. 0-0 b4 17. Ne2 Bb5 18. Qd2 Bxe2 19. Qxe2 Qb6 20. Qd2 Nf7 21. g5 Nc6 22. Nh2 Ne7 23. Ng4 Nf5 24. Bf2 a5 25. h4 Qa6 26. Rfe1 h5 27. Nf6+ Bxf6 28. gxf6 N7h6 29. Bf1 Qb6 30. Be2 Kf7 31. Kh1 Ng4 32. Bxg4 hxg4 33. Rg1 g3 34. Be3 Rh8 35. Kg2 Rxh4 36. Rxc8 Rh2+ 37. Kf3 Rxd2 38. Rgc1 Rd3 39. R1c7+ Qxc7 40. Rxc7+ Ke8 41. Rc8+ Kd7 42. f7 Rxe3+ 43. Kf4 g5+ 44. Kxg5 g2 45. Rd8+ Kc7 46. Rc8+ Kd7 47. Rd8+ 1/2-1/2

[Event "Stockholm op"]
[Site "Stockholm"]
[Date "2012.06.29"]
[Round "2"]
[White "Jakenberg, Jussi"]
[Black "Engstrom, Staffan"]
[Result "1-0"]
[WhiteElo "2061"]
[BlackElo "2071"]
[PlyCount "47"]
[EventDate "2012.06.28"]
[EventType "swiss"]
[EventRounds "9"]
[EventCountry "SWE"]
[SourceTitle "CBM 149 Extra"]
[Source "ChessBase"]
[SourceDate "2012.08.24"]
[SourceVersion "1"]
[SourceVersionDate "2012.08.24"]
[SourceQuality "1"]

1. e4 Nc6 2. Nf3 d6 3. d4 Nf6 4. Nc3 Bg4 5. d5 Bxf3 6. gxf3 Nb8 7. Be3 g6 8. Qd2 a6 9. 0-0-0 Nbd7 10. f4 Bg7 11. Kb1 0-0 12. f3 Qb8 13. h4 c5 14. h5 b5 15. hxg6 fxg6 16. Qh2 Nb6 17. Bh3 b4 18. Be6+ Kh8 19. f5 Nc4 20. fxg6 h5 21. Qxh5+ Nxh5 22. Rxh5+ Bh6 23. Bxh6 Na3+ 24. Kc1 1-0